History Quiz

Random History or Nation Quiz

Preamble of the US Constitution Quiz Stats

 Plays Quiz Updated Dec 6, 2018

     
Support Sporcle.
Go Orange.
Score 0/52 Timer 03:00
1 Play Today
% Correct
the
99.2%
the
99.1%
the
98.9%
the
98.8%
the
98.7%
the
98.6%
We
98.5%
People
97.8%
of
96.3%
of
95.8%
of
95.7%
United
95.6%
a
95.6%
States,
95.5%
United
95.1%
States
94.9%
in
89.8%
to
89.3%
to
88.9%
for
88.2%
for
87.9%
Union,
85.7%
Order
85.4%
perfect
85.3%
more
84.8%
form
82%
% Correct
America.
79.1%
do
76.4%
establish
73.6%
establish
73.2%
Justice,
71.6%
and
68.3%
and
68.2%
and
68.2%
Tranquility,
67.5%
common
66.1%
domestic
65.8%
insure
64.7%
provide
64.5%
defence,
64.3%
Welfare,
61.7%
Liberty
60.4%
general
59.8%
promote
57.6%
Constitution
57%
this
52.7%
our
52.2%
ordain
50.6%
Blessings
49.9%
secure
47.5%
ourselves
45.6%
Posterity,
43.2%

From the Vault

The Guardian's 100 Best Male Footballers

by guide

Sports 12m
How many of these players will change clubs this summer?
Remove Ads.
Support Sporcle.
Get the best of Sporcle when you Go Orange. This ad-free experience offers more features, more stats, and more fun while also helping to support Sporcle. Thank you for becoming a member.

Show Comments

Extras

Top Quizzes Today


Score Distribution

Your Account Isn't Verified!

In order to create a playlist on Sporcle, you need to verify the email address you used during registration. Go to your Sporcle Settings to finish the process.

Report this User

Report this user for behavior that violates our Community Guidelines.

Details: